ბათუმის შოთა რუსთაველის სახელმწიფო უნივერსიტეტის ბიბლიოთეკა

Handbook of Research Methods in Tourism / (ბიბ.ჩანაწერი № 45261)

000 -LEADER
fixed length control field 00760nam a2200229Ia 4500
001 - CONTROL NUMBER
control field 12084
003 - CONTROL NUMBER IDENTIFIER
control field GE_BSU
005 - DATE AND TIME OF LATEST TRANSACTION
control field 20221118163700.0
008 - FIXED-LENGTH DATA ELEMENTS--GENERAL INFORMATION
fixed length control field 181216s2012en xx |||||||||||||| ||eng||
020 ## - INTERNATIONAL STANDARD BOOK NUMBER
International Standard Book Number 9781781001288x
040 ## - CATALOGING SOURCE
Transcribing agency GE_BSU
041 ## - LANGUAGE CODE
Language code of text/sound track or separate title eng
080 ## - UNIVERSAL DECIMAL CLASSIFICATION NUMBER
Universal Decimal Classification number 338.48/072 H-22
245 ## - TITLE STATEMENT
Title Handbook of Research Methods in Tourism /
Statement of responsibility, etc. Edited by: Larry Dwyer, Alison Gill
264 ## - PRODUCTION, PUBLICATION, DISTRIBUTION, MANUFACTURE, AND COPYRIGHT NOTICE
Place of production, publication, distribution, manufacture Cheltenham :
Name of producer, publisher, distributor, manufacturer Edward Elgar,
Date of production, publication, distribution, manufacture, or copyright notice 2012.
300 ## - PHYSICAL DESCRIPTION
Extent 514 p.:
Other physical details 25 cm.
653 ## - INDEX TERM--UNCONTROLLED
keyword Handbook of Research Methods in Tourism
653 ## - INDEX TERM--UNCONTROLLED
keyword ტურიზმში კვლევის მეთოდები
700 ## - ADDED ENTRY--PERSONAL NAME
Personal name Dwyer, Larry
Relator term რედაქტორი
9 (RLIN) 15943
700 ## - ADDED ENTRY--PERSONAL NAME
Personal name Gill, Alison
Relator term რედაქტორი
9 (RLIN) 15944
942 ## - ADDED ENTRY ELEMENTS (KOHA)
Koha item type წიგნი
Source of classification or shelving scheme
ეგზემპლარები
Withdrawn status Lost status Source of classification or shelving scheme Damaged status Not for loan Permanent Location Current Location Shelving location Date acquired Cost, normal purchase price Full call number Barcode Date last seen Copy number Price effective from Koha item type Public note
          ბათუმის შოთა რუსთაველის სახელმწიფო უნივერსიტეტის მთავარი ბიბლიოთეკა ბათუმის შოთა რუსთაველის სახელმწიფო უნივერსიტეტის მთავარი ბიბლიოთეკა წიგნსაცავი 2018-12-17 345.00 338.48/072 H-22 35957 2018-12-17 35957 2018-12-17 წიგნი 345Gel.